000 00308nam a22001457a 4500
020 _a81-7180-633-3
082 _a894.812-3
_bSWA/E
100 _aSWAROOP
245 _aEZHTHAPPURANGAL
260 _aCALICUT
_bPOORNA PUBLICATIONS
_c1999
300 _a142
520 _aPOETRY
650 _aPOETRY
942 _cBK
999 _c4386
_d4386